Iniciación en el análisis estructural
Zapisane w:
| Korporacja: | |
|---|---|
| Format: | Książka |
| Język: | hiszpański |
| Wydane: |
Pamplona
Verbo Divino
1978
|
| Seria: | Cuadernos Bíblicos, 14
|
| Hasła przedmiotowe: | |
| Etykiety: |
Dodaj etykietę
Nie ma etykietki, Dołącz pierwszą etykiete!
|
MARC
| LEADER | 00000cam a2200000 a 4500 | ||
|---|---|---|---|
| 001 | UCL7924 | ||
| 003 | CL-VaPUC | ||
| 008 | 040604e19780000SP |||||||||||||||||spa|d | ||
| 020 | |a 8471512203 | ||
| 082 | 0 | 4 | |a 220.66 |b EQU |2 21 |
| 110 | 2 | |a Equipo Cahiers Evangile |e author |9 485881 | |
| 245 | 1 | 0 | |a Iniciación en el análisis estructural |
| 300 | |a 58 p | ||
| 942 | |c BK | ||
| 945 | |d 20040604 00:00:00 |a cmena | ||
| 260 | |a Pamplona |b Verbo Divino |c 1978 | ||
| 650 | 0 | |a Biblia |9 257603 | |
| 650 | 0 | |a Crítica e interpretación |9 255042 | |
| 650 | 0 | |a Textos sagrados |9 257605 | |
| 650 | 0 | |a Análisis del discurso |9 256696 | |
| 583 | |a last modification |c 20150526 05:16:56 |k Rodrigo Vera | ||
| 490 | 0 | |a Cuadernos Bíblicos, 14 | |
| 999 | |c 309474 |d 309472 | ||
| 952 | |0 0 |1 0 |4 0 |6 220_660000000000000_EQU_1978 |7 0 |8 A |9 376927 |a BIBTEO |b BIBTEO |d 2019-11-21 |i 2117428 |l 1 |o 220.66 EQU 1978 |p 2117428 |r 2025-01-17 |s 2024-05-17 |w 2019-11-21 |y BK |k ICR | ||
| 952 | |0 0 |1 0 |3 erb |4 0 |6 220_660000000000000_EQU_1978 |7 0 |8 A |9 376928 |a BIBTEO |b BIBTEO |e Casale Rolle, Carlos Ignacio, -2014 |i 5182913 |o 220.66 EQU 1978 |p 5182913 |r 2025-01-17 |w 2019-11-21 |y BK |z Catalogado en:20150529 |k ICR | ||